01376 a2200169 45000010006000000050017000060080041000230030015000640400040000790800034001192450058001532640032002113000019002435200006002625050916002681000022011842994520260407155610.0260407a1978 arg spa dAR-UNSa-BCEJYS aAR-UNSa-BCEJYSbspacAR-UNSa-BCEJYS a657.471.61xCostes generales 10aLa práctica de costos Ipresuleta con explicación 1aBuenos Aires :bTesisc1978 a225 p.c20 cm. aC a1. Esquema básico del costo, fórmulas e informes - 2. Fórmulas y estados del costo - 3. Cuadro de explotación con inventarios - 4. Hoja de costos y estados de resultados - 5. Clasificación de cuentas - 6. Sistema de control dual - 7. Materiales - 8. Mano de obra - 9. Costos de producción - 10. Método de valuación - 11. Gastos de fabricación - 12. Costo de distribución - 13. Costo por órdenes - 14. Costo por procesos - 15. Costos conjuntos - 16. Sistema convencional de costeo por absorción de gastos fijos - 17. Introducción al costeo directo - 18. Costeo directo - 19. Costeo tradicional y costo directo - 20. Costo variable - 21. Relación costo-precio-utilidad-volumen - 22. Efecto en reduccíon de precios - 23. Los costos y las decisiones - 24. Costos diferenciales - 25. Precio de venta y retorno de la inversión - 26. Aplicación de fórmulas de mayores de inversión1 aBottaniz, Jose M.